[Event "Friedrichroda op 11th"]
[Site "Friedrichroda"]
[Date "2007.08.08"]
[Round "1"]
[White "Kaufeld, Juergen"]
[Black "De Groot, Akshaya"]
[Result "1-0"]
[WhiteElo "2296"]
[BlackElo "1935"]
[PlyCount "143"]
[EventDate "2007.08.08"]
[EventType "swiss"]
[EventRounds "7"]
[EventCountry "GER"]
[SourceTitle "CBM 120 Extra"]
[Source "ChessBase"]
[SourceDate "2007.11.01"]
[SourceVersion "1"]
[SourceVersionDate "2007.11.01"]
[SourceQuality "1"]

1. e4 d6 2. d4 g6 3. Nc3 Bg7 4. Nf3 a6 5. Be3 Nd7 6. Qd2 b5 7. a4 b4 8. Ne2 a5 9. Ng3 h5 10. h4 Ngf6 11. e5 Nd5 12. Bc4 N7b6 13. Bb5+ Kf8 14. 0-0 Bg4 15. Bg5 Bxf3 16. gxf3 dxe5 17. dxe5 Bxe5 18. Bc6 f6 19. Bxa8 Qxa8 20. Bh6+ Kf7 21. Rad1 Bxb2 22. Ne4 Rd8 23. Qe2 Nxa4 24. Rfe1 Be5 25. Ng5+ Kg8 26. Qe4 Nf4 27. Rxd8+ Qxd8 28. Qc4+ e6 29. Nxe6 Qd5 30. Qxd5 Nxd5 31. f4 Bd6 32. Ra1 Ndc3 33. f5 gxf5 34. Bd2 f4 35. Bxc3 Nxc3 36. Rxa5 Kf7 37. Nd4 f3 38. Nxf3 c5 39. Nd2 Ne2+ 40. Kf1 Nd4 41. Ne4 Be5 42. Nxc5 Nxc2 43. Nd3 Bc3 44. Rxh5 Kg6 45. Rc5 Nd4 46. Kg2 Ne6 47. Rc4 Kh5 48. Kh3 Bd2 49. Re4 Ng7 50. Nxb4 Nf5 51. Nd5 Kg6 52. Ne7+ Nxe7 53. Rxe7 Bh6 54. Rb7 Kh5 55. Rb5+ Kg6 56. Kg4 Bd2 57. Rb6 Bc3 58. Rc6 Bd4 59. f3 Bb2 60. Rc8 f5+ 61. Kf4 Bf6 62. Rc6 Kf7 63. h5 Kg7 64. Kxf5 Bd4 65. Kg5 Be3+ 66. f4 Bd2 67. Rc7+ Kf8 68. h6 Kg8 69. Kg6 Kf8 70. Kf6 Kg8 71. h7+ Kh8 72. Kg6 1-0